• 首页
  • 本馆介绍
  • 公告通知
  • 最新文献
  • 馆藏检索
  • 电子资源
  • 读者导购
  • 参考咨询
  • 我的图书馆
  • 登录
  • 详细信息显示
  • 放入我的书架
  • 预约/预借图书
  • 作者相关作品
  • 分类相关作品
  • 丛书相关作品
  • 出版社相关作品

书目信息

  • 表格格式
  • 工作单格式
  • 卡片格式
题名:
细胞融合技术与应用
    
 
作者: 罗立新 编著
分册:  
出版信息: 北京   化学工业出版社  2004
页数: 153页
开本: 26cm
丛书名: 实用生物技术丛书
单 册:
中图分类: Q813.2
科图分类:
主题词: 细胞融合--生物技术
电子资源:
ISBN: 7-5025-4986-2
000 00778oam2 2200241 45
001 002573171
005 20050331100045.5
010    @a7-5025-4986-2@dCNY25.00
100    @a20040206d2004 em y0chiy0110 ea
101 0  @achi
102    @aCN@b110000
105    @ay z 000yy
200 1  @a细胞融合技术与应用@Axi bao rong he ji shu yu ying yong@f罗立新编著@FLuo Li Xin Bian Zhu
210    @a北京@c化学工业出版社@d2004
215    @a153页@d26cm
225 2  @a实用生物技术丛书
330    @a该书以细胞融合技术的基本原理、操作程序、关键技术及应用为主线,介绍了该领域的研究历史和最新发展动态。
410    @12001 @a实用生物技术丛书
606 0  @a细胞融合@x生物技术
690    @aQ813.2@v4
701  0 @a罗立新@4编著
801  0 @aCN@bNLC@c20040322
905    @f5@b346881-885@dQ813.2@e51
    
    细胞融合技术与应用/罗立新编著.-北京:化学工业出版社,2004
    153页;26cm.-(实用生物技术丛书)
    
    
    ISBN 7-5025-4986-2:CNY25.00
    该书以细胞融合技术的基本原理、操作程序、关键技术及应用为主线,介绍了该领域的研究历史和最新发展动态。
●
相关链接 在E读中查询图书 在五车中查询图书 在当当中查询图书 在豆瓣中查询图书


正题名:细胞融合技术与应用     索取号:Q813.2/51         预约/预借

序号 登录号 条形码 馆藏地/架位号 状态 备注
1 0346881   203468817   第二样本阅览室/ [索取号:Q813.2/51] 在馆    
2 0346882   203468826   第三借阅区/ [索取号:Q813.2/51] 在馆    
3 0346883   203468835   第三借阅区/ [索取号:Q813.2/51] 在馆    
4 0346884   203468844   第三借阅区/ [索取号:Q813.2/51] 在馆    
5 0346885   203468853   第三借阅区/ [索取号:Q813.2/51] 在馆    
唐山师范学院图书馆 欢迎您!
大连网信软件有限公司© 版权所有